000 00839cab a2200265 4500
001 ABS58234
008 090401t1998 xxu||||| |||| 00| 0 eng d
035 _a(Sirsi) u83278
041 _aeng
245 _aClear waters
260 _c1998
350 _a0
490 _aEstates Gazette
_v(9802) 10 January 1998, 118-119(2)
520 _aA `Mainly for Students` article looking at the EU legislation regarding water supply and the implications for the property industry. Covering drinking water, bathing water, fishing, water pollution, groundwater and sewage controls.
650 _aBATHING WATER
650 _aDRINKING WATER
650 _aEU LEGISLATION
650 _aPOLLUTION
650 _aSEWAGE
650 _aDIRECTIVE 2000/60/EC
650 _aWATER SUPPLY
690 _aWATER
942 _n0
948 _c23/01/1998
999 _c52590
_d52590